00345nam a2200133Ia 45000030006000000080041000060400015000471000020000622450049000822600043001313000006001745460014001800050017001940STCL150530s9999 xx 000 0 und d aSTCLcSTCL aPalanichamy, S. aJournal of Ecobiology (Feb-2009 to Dec-2009) bPalani Paramount; Palanic2009aPalani a0 aMalayalam20220125170422.0